| 000 | 00362nam a2200145Ia 4500 | ||
|---|---|---|---|
| 008 | 230917s9999||||xx |||||||||||||| ||und|| | ||
| 040 |
_e10044 _aMAIN |
||
| 041 | _aEnglish | ||
| 082 | _a515.7 B561I | ||
| 100 | _aBlackman, P F | ||
| 245 | 0 | _aIntroduction to state-variable analysis | |
| 260 |
_aLondon _bMacmillan _c1977 |
||
| 300 | _avi, 257 p. | ||
| 942 | _cBK | ||
| 999 |
_c181109 _d181109 |
||